| 000 | 02498nam a2200349 4500 | ||
|---|---|---|---|
| 003 | EC-UNACH | ||
| 005 | 20260401120850.0 | ||
| 006 | s||||gr|||| 00| 00 | ||
| 008 | 150116t9999 mx r gr 000 0 spa d | ||
| 020 | _a978-9942-584-01-4 | ||
| 040 |
_aEC-UNACH _cEC-UNACH |
||
| 041 | _aspa | ||
| 082 | 0 | 4 |
_223 _a720 _bL018617 |
| 100 | _aReyes Mancero, Jorge Servando / Muy Cabrera, Nelson Ismael / Zumba Llango, Edwin Roberto / Rod Avecilla, Fredy | ||
| 245 | _aEvaluación arquitectónica del edificio ex Banco Popular (1968 - 2021) | ||
| 250 | _aPrimera edición | ||
| 264 |
_aRiobamba - Ecuador _bUniversidad Nacional de Chimborazo _c2025 |
||
| 264 | _aProducción - Unach | ||
| 300 |
_a236 páginas _bFotografías |
||
| 501 | _aEn la actualidad, en lo que corresponde al territorio ecuatoriano, específicamente la ciudad de Riobamba, el entendimiento formal de un proyecto arquitectónico resulta complejo tanto para el ciudadano común como para especialistas y relacionados con la arquitectura. Con este antecedente, este libro propone fragmentar la pieza arquitectónica escogida, el ex Banco Popular, en porciones digeribles para cualquier persona que le interese el universo de este apasionante oficio. Señalan que, para entender el proyecto, es fundamental entrenar la capacidad de observar, como herramienta de reconocimiento de valores, atributos y criterios arquitectónicos. Previo al estudio del edificio, se exploró la ciudad de Riobamba con el fin de encontrar construcciones que evidencien ciertos rasgos del movimiento moderno, los cuales fueron aplicados en el análisis del edificio. Con este antecedente, se inició el levantamiento del edificio, en los diferentes momentos, los cuales fueron sometidos a un exhaustivo análisis según los siguientes parámetros: función, tecnología y forma. Este estudio busca valorar la arquitectura de la ciudad | ||
| 505 | _a1. Introducción -- 2. Referentes del proyecto -- 3. El proyecto del Banco Popular Riobamba, 1968 | ||
| 650 | _aRECONSTRUCCIÓN | ||
| 650 | _aRECONOCIMIENTO VISUAL | ||
| 650 | _aARQUITECTURA MODERNA | ||
| 650 | _aVIEGENCIA TEÓRICA | ||
| 650 | _aSABER ACUMULATIVO | ||
| 856 |
_uhttps://editorial.unach.edu.ec/index.php/Editorial/catalog/book/271 _yLibro Digital - Evaluación arquitectónica del edificio ex Banco Popular (1968 - 2021) |
||
| 942 |
_2ddc _cEBOOK |
||
| 999 | _c14478 | ||